000 00631nam a2200265Ia 4500
001 1809
003 3566
005 20250218092729.0
008 ||||||n9999 ||| || ||
041 _aspa
082 _219
_a320
100 _aKirchheimer, Otto
_93537
245 0 _aJusticia politica
_bempleo del procedimiento legal para fines politicos
260 _aMéxico :
_bUteha,
_c1968.
300 _a501p
562 _e1
650 0 _aCiencias políticas
_9939
650 0 _aJusticia social
_91533
942 _cBKM
999 _c1809
_d1809
526 _a4969
526 _a19790
526 _a104436
526 _a51868
526 _a1697